000 00584nam a2200181Ia 4500
003 GCL
008 140319s9999 xx 000 0 ara d
040 _aGCL /
_cGCL
082 0 4 _a320.956
_bك ع
100 1 _aكمال شاتيلا
245 1 0 _aالعرب والتحديات الدولية والشرق اوسطية /
_cكمال شاتيلا
300 _a120 ص
490 _a
650 0 4 _aالسوق العربية المشتركة
650 0 4 _aالسوق الشرق اوسطية
650 0 4 _aالعالم العربى - الاحوال السياسية
942 _2ddc
_cBK
999 _c48378
_d48378